Tutenge kan nih ? : (Record no. 9204)

MARC details
000 -LEADER
fixed length control field 00400nam a22001577a 4500
003 - CONTROL NUMBER IDENTIFIER
control field GBCCL
005 - DATE AND TIME OF LATEST TRANSACTION
control field 20241126110707.0
008 - FIXED-LENGTH DATA ELEMENTS--GENERAL INFORMATION
fixed length control field 220531b ||||| |||| 00| 0 eng d
040 ## - CATALOGING SOURCE
Transcribing agency gbc
082 ## - DEWEY DECIMAL CLASSIFICATION NUMBER
Classification number 929.1
Item number SAI
100 ## - MAIN ENTRY--PERSONAL NAME
Personal name Sailo, L Z
9 (RLIN) 16007
245 ## - TITLE STATEMENT
Title Tutenge kan nih ? :
Remainder of title Part I /
Statement of responsibility, etc. by Capt. L Z Sailo
260 ## - PUBLICATION, DISTRIBUTION, ETC.
Place of publication, distribution, etc. Churachandpur :
Name of publisher, distributor, etc. Author,
Date of publication, distribution, etc. 1993
300 ## - PHYSICAL DESCRIPTION
Extent 107p. ;
942 ## - ADDED ENTRY ELEMENTS (KOHA)
Source of classification or shelving scheme Dewey Decimal Classification
Koha item type Archives
Holdings
Withdrawn status Lost status Source of classification or shelving scheme Damaged status Not for loan Home library Current Library Shelving location Date acquired Total checkouts Full call number Barcode Date last seen Copy number Price effective from Koha item type
    Dewey Decimal Classification     GRACE BIBLE COLLEGE GRACE BIBLE COLLEGE Archives 2022-05-31   929.1 SAI 015588 2025-05-01 c.1 2022-05-31 Archives
© Grace Bible College Library 2025